Asphalt; science and technology. (Record no. 545235)

000 -LEADER
fixed length control field 00420cam a22001451 4500
082 ## - DEWEY DECIMAL CLASSIFICATION NUMBER
Classification number 620.196
Author Mark BAR
-- DON
100 1# - MAIN ENTRY--PERSONAL NAME
Personal name Barth, Edwin J.
9 (RLIN) 41032
245 10 - TITLE STATEMENT
Title Asphalt; science and technology.
260 ## - PUBLICATION, DISTRIBUTION, ETC.
Place of publication, distribution, etc. New York,
Name of publisher, distributor, etc. Gordon and Breach Science Publishers
Date of publication, distribution, etc. [1962]
300 ## - PHYSICAL DESCRIPTION
Extent 700 p.
Other physical details illus.
Dimensions 24 cm.
526 ## - STUDY PROGRAM INFORMATION NOTE
Program name 0
Interest level 0
Reading level 0
Title point value 620_196000000000000_BAR
650 #0 - SUBJECT ADDED ENTRY--TOPICAL TERM
Topical term or geographic name entry element Asphalt.
9 (RLIN) 21214
650 #0 - SUBJECT ADDED ENTRY--TOPICAL TERM
Topical term or geographic name entry element MCE
9 (RLIN) 379
942 ## - ADDED ENTRY ELEMENTS (KOHA)
Source of classification or shelving scheme
Koha item type Book
Holdings
Withdrawn status Lost status Source of classification or shelving scheme Damaged status Not for loan Permanent Location Current Location Date acquired Total Checkouts Full call number Barcode Date last seen Price effective from Koha item type
          Military College of Engineering (MCE) Military College of Engineering (MCE) 05/20/2014   620.196 BAR MCE-35298 05/20/2014 05/20/2014 Book
© 2023 Central Library, National University of Sciences and Technology. All Rights Reserved.